Bilecik Bilecik Bilecik Bilecik Bilecik

Küreselleşme ve milliyetçilik/ (Record no. 9750)

MARC details
000 -BAŞLIK
Sabit Uzunluktaki Kontrol Alanı 01887nam a22003737a 4500
001 - KONTROL NUMARASI
Control Dosyası 0009778
003 - KONTROL NUMARASI KİMLİĞİ
Kontrol Alanı KOHA_MİRAKIL
005 - EN SON İŞLEM TARİHİ ve ZAMANI
Kontrol Alanı 20260207001721.0
007 - FİZİKSEL TANIM SABİT ALAN - GENEL BİLGİ
Sabit uzunluklu kontrol alanı ta
008 - SABİT UZUNLUKTAKİ VERİ ÖGELERİ - GENEL BİLGİ
Sabit Alan 100706b2005 tu |||gr||||#||||0|tur |
020 ## - ISBN - ULUSLARARASI STANDART KİTAP NUMARASI
Isbn 9754375240
040 ## - KATALOGLAMA KAYNAĞI
Özgün Kataloglama Kurumu TR-BiSEU
Kataloglama Dili tur
Çeviri Kurumu TR-BiSEU
Açıklama Kuralları rda
041 0# - DİL KODU
Metin ya da ses kaydının dil kodu tur
044 ## - YAYINLAYAN/ÜRETEN KURULUŞUN ÜLKE KODU
ISO country code tu
050 ## - SINIFLAMA ve YER NUMARASI
Sınıflama Numarası JC311
Yer Numarası .A73 2005
100 1# - KİŞİ ADI
Yazar Adı (Kişi adı) Atasoy, Fahri.
245 1# - ESER ADI BİLDİRİMİ
Başlık Küreselleşme ve milliyetçilik/
Sorumluluk Bildirimi Fahri Atasoy ; Fahri Atasoy.
264 #1 - ÜRERİM, YAYIN, DAĞITIM ve TELİF BİLDİRİMİ
Yayın yeri İstanbul :
Yayınlayan Ötüken Neşriyat
Yayın tarihi 2005
300 ## - FİZİKSEL TANIMLAMA
Sayfa, Cilt vb. 443 sayfa
336 ## - İÇERİK TÜRÜ
Content type term metin
Content type code txt
Source rdacontent
337 ## - MEDYA TÜRÜ
Media type term aracısız
Media type code n
Source rdamedia
338 ## - TAŞIYICI TÜRÜ
Carrier type term cilt
Carrier type code nc
Source rdacarrier
490 1# - DİZİ BİLDİRİMİ
Dizi Bildirimi Yayın ;
Cilt Numarası nu.
490 1# - DİZİ BİLDİRİMİ
Dizi Bildirimi 603.
490 1# - DİZİ BİLDİRİMİ
Dizi Bildirimi Kültür serisi ;
Cilt Numarası 278.
500 ## - GENEL NOT
Genel Not Kaynakça var.
505 ## - İÇİNDEKİLER NOTU
İçindekiler Notu "Küreselleşme ve milliyetçilik tartışması, geçmiş çağlardan bugüne devam eden bir sosyolojik olgudur. Bir tarafta dünyanın bütünleşmesine yönelik insanlık ideali, diğer yandan çağa ismini verecek derecede yoğunlaşan milliyetçilik hareketleri... Kant, Hegel, Comte gibi, tarihî sürecin olumlu gelişmelerle artık sona varmakta olduğu beklentisi içindeki düşünürlerin evrenselci teorilerine rağmen, Sorokin'in 'Bir Bunalım Çağı' adlandırmasına yol açan, acılarla dolu tarihî ve toplumsal gelişmeler... Dünya bir taraftan bilişim teknolojilerinin sunduğu imkânlarla küçülürken, bir taraftan da içinde kendi muhalif tepkisini besleyerek yeni milliyetçilik akımlarına sahne olmaktadır. Modern çağ hem evrenselci hümanizmin gelişmesine, hem de milletleşme ve milliyetçilik hareketlerinin ivme kazanmasına sahne olmuştur."
650 #0 - KONU BAŞLIĞI EK GİRİŞ - KONU TERİMİ
Konusal terim veya coğrafi ad Milliyetçilik.
9 (RLIN) 9491
650 #0 - KONU BAŞLIĞI EK GİRİŞ - KONU TERİMİ
Konusal terim veya coğrafi ad Küreselleşme.
9 (RLIN) 6273
830 1# - SERİ EK GİRİŞİ - TEKBİÇİM ESER ADI
Tekbiçim Başlık Yayın ;
Volume number/sequential designation nu.
9 (RLIN) 1557
830 1# - SERİ EK GİRİŞİ - TEKBİÇİM ESER ADI
Tekbiçim Başlık 603.
9 (RLIN) 24117
830 1# - SERİ EK GİRİŞİ - TEKBİÇİM ESER ADI
Tekbiçim Başlık Kültür serisi ;
Volume number/sequential designation 278.
9 (RLIN) 5523
942 ## - EK GİRİŞ ÖGELERİ (KOHA)
Source of classification or shelving scheme Library of Congress Classification
Koha item type Book
505 ## - İÇİNDEKİLER NOTU
--
Holdings
Materyal Türü Kalıcı Konum Mevcut Konum Raf Yeri Sınıflandırma Kaynağı Edinim Bilgisi Ana Konular Alt Konular Yer Numarası Demirbaş Numarası Fatura Tarihi Maliyet, Alış Fiyatı Maliyet, Yenileme Fiyatı Geri Çekilme Durumu Kayıp Durumu Hasarlı Durumu Kredi için değil Kayıt Tarih Toplam Ödünçverme Son Görülme Tarihi Son Kontrol Tarihi Genel / Bağış Notu
Book BŞEÜ Gölpazarı MYO Kütüphanesi BŞEÜ Gölpazarı MYO Kütüphanesi   Library of Congress Classification Bağış SİYASET BİLİMİ Siyaset Teorisi JC311 .A73 2005 0018945 02/02/2026 14.00 14.00         06/07/2010 3 05/12/2024 05/12/2024 Genel Bağış
Book Prof. Dr. Azmi Özcan Kütüphanesi Prof. Dr. Azmi Özcan Kütüphanesi Uluğbey Salonu Library of Congress Classification Bağış SİYASET BİLİMİ Siyaset Teorisi JC311 .A73 2005 0009778 13/08/2010 14.00 14.00         26/10/2009 25 05/12/2024 05/12/2024 Genel Bağış